| 000 | 00354 a2200169 4500 | ||
|---|---|---|---|
| 001 | 71981 | ||
| 020 | _a8532217575 | ||
| 040 | _cAnchieta - Colégio São Paulo | ||
| 100 | _aRocha, Ruth | ||
| 240 | 1 | 0 |
_aA coisa _lpor |
| 245 | 1 | 0 | _aA coisa |
| 300 | _a[21p.] | ||
| 362 | 0 | _a1996 | |
| 440 | 1 | _aFTD | |
| 650 | 4 | _aLiteratura infanto-juvenil | |
| 942 | _cBK | ||
| 999 |
_c71981 _d71981 |
||